<?xml version="1.0" encoding="UTF-8"?>
<record
    xmlns:xsi="http://www.w3.org/2001/XMLSchema-instance"
    xsi:schemaLocation="http://www.loc.gov/MARC21/slim http://www.loc.gov/standards/marcxml/schema/MARC21slim.xsd"
    xmlns="http://www.loc.gov/MARC21/slim">

  <leader>00457nam a22001577a 4500</leader>
  <datafield tag="999" ind1=" " ind2=" ">
    <subfield code="c">526766</subfield>
    <subfield code="d">526766</subfield>
  </datafield>
  <controlfield tag="003">NUST</controlfield>
  <datafield tag="038" ind1=" " ind2=" ">
    <subfield code="a">Waseem</subfield>
  </datafield>
  <datafield tag="082" ind1=" " ind2=" ">
    <subfield code="a">491.4933</subfield>
    <subfield code="b">Akh</subfield>
  </datafield>
  <datafield tag="100" ind1=" " ind2=" ">
    <subfield code="a">Akhtar, Naseem</subfield>
    <subfield code="9">15052</subfield>
  </datafield>
  <datafield tag="245" ind1=" " ind2=" ">
    <subfield code="a">Saraiki Zarb ul Misal Aur Srariki O Aseab   /</subfield>
    <subfield code="c">Naseem Akhtar</subfield>
  </datafield>
  <datafield tag="300" ind1=" " ind2=" ">
    <subfield code="a">296 p. ;</subfield>
  </datafield>
  <datafield tag="500" ind1=" " ind2=" ">
    <subfield code="a">Hardcover.</subfield>
  </datafield>
  <datafield tag="880" ind1=" " ind2=" ">
    <subfield code="6">100-01\r</subfield>
    <subfield code="a">&#x646;&#x633;&#x6CC;&#x645; &#x627;&#x62E;&#x62A;&#x631;</subfield>
  </datafield>
  <datafield tag="880" ind1=" " ind2=" ">
    <subfield code="6">245-02\r</subfield>
    <subfield code="a">&#x633;&#x631;&#x627;&#x626;&#x6CC;&#x6A9;&#x6CC; &#x636;&#x631;&#x628; &#x627;&#x644;&#x627;&#x645;&#x62B;&#x627;&#x644; &#x627;&#x648;&#x631;&#x633;&#x631;&#x627;&#x626;&#x6CC;&#x6A9;&#x6CC; &#x648;&#x633;&#x6CC;&#x628; /</subfield>
  </datafield>
  <datafield tag="942" ind1=" " ind2=" ">
    <subfield code="2">ddc</subfield>
    <subfield code="c">BK</subfield>
  </datafield>
  <datafield tag="952" ind1=" " ind2=" ">
    <subfield code="0">0</subfield>
    <subfield code="1">0</subfield>
    <subfield code="2">ddc</subfield>
    <subfield code="4">0</subfield>
    <subfield code="7">0</subfield>
    <subfield code="a">CL</subfield>
    <subfield code="b">CL</subfield>
    <subfield code="c">CART</subfield>
    <subfield code="d">2019-07-16</subfield>
    <subfield code="l">0</subfield>
    <subfield code="o">491.4933 Akh</subfield>
    <subfield code="p">CL-E-1002</subfield>
    <subfield code="r">2019-07-16</subfield>
    <subfield code="w">2019-07-16</subfield>
    <subfield code="y">BK</subfield>
  </datafield>
</record>
